|
|
|
|
| LEADER |
01178nam a2200301 i 4500 |
| 001 |
39513 |
| 003 |
BD-DhAAL |
| 008 |
221018r19741972enka b 001 0 eng d |
| 999 |
|
|
|c 44975
|d 44975
|
| 010 |
|
|
|a 76351503
|
| 015 |
|
|
|a GB***
|
| 020 |
|
|
|a 0140806458 :
|
| 040 |
|
|
|a DLC
|c DLC
|d DLC
|d BD-DhAAL
|
| 050 |
0 |
0 |
|a HD47.5
|b .L34 1974
|
| 082 |
0 |
0 |
|a 339.41
|
| 245 |
1 |
0 |
|a Cost-benefit analysis :
|b selected readings /
|c edited by Richard Layard.
|
| 260 |
|
|
|a Harmondsworth, Eng. ;
|a Baltimore :
|b Penguin Education,
|c c1972 [reprinted 1974].
|
| 300 |
|
|
|a 496 pages :
|b illustrations ;
|c 20 cm.
|
| 490 |
0 |
|
|a Penguin education
|
| 504 |
|
|
|a Includes bibliographical references and index.
|
| 541 |
|
|
|a Donated By Akbar Ali Khan
|e 39513
|
| 650 |
|
0 |
|a Cost effectiveness.
|9 51892
|
| 650 |
|
0 |
|a Economics.
|9 51893
|
| 700 |
|
|
|a Layard, P. R. G.
|q (P. Richard G.),
|e editor.
|9 51895
|
| 830 |
|
|
|a Penguin education
|9 51894
|
| 852 |
|
|
|a Ayesha Abed Library
|c Akbar Ali Khan Collection
|
| 942 |
|
|
|2 ddc
|c BK
|
| 952 |
|
|
|0 0
|1 0
|2 ddc
|4 0
|6 339_410000000000000_COS
|7 1
|9 72112
|a BRACUL
|b BRACUL
|c AAKC
|d 2022-10-18
|e Donated by Akbar Ali Khan
|g 115.57
|l 0
|o 339.41 COS
|p 3010039513
|r 2022-10-18
|t 1
|w 2022-10-18
|y BK
|x £1.00
|